Bat loves the night / (Record no. 4947)
[ view plain ]
| 000 -LEADER | |
|---|---|
| fixed length control field | 01030nam a22003137a 4500 |
| 001 - CONTROL NUMBER | |
| control field | 4947 |
| 003 - CONTROL NUMBER IDENTIFIER | |
| control field | FISKH |
| 005 - DATE AND TIME OF LATEST TRANSACTION | |
| control field | 20260313092059.0 |
| 008 - FIXED-LENGTH DATA ELEMENTS--GENERAL INFORMATION | |
| fixed length control field | 241028b cb ||||| |||| 00| 0 eng d |
| 020 ## - INTERNATIONAL STANDARD BOOK NUMBER | |
| International Standard Book Number | 9780763624385 |
| 020 ## - INTERNATIONAL STANDARD BOOK NUMBER | |
| International Standard Book Number | 9781406312751 |
| 040 ## - CATALOGING SOURCE | |
| Original cataloging agency | FISKH |
| Language of cataloging | eng |
| Transcribing agency | FISKH |
| Modifying agency | FISKH |
| 050 ## - LIBRARY OF CONGRESS CALL NUMBER | |
| Classification number | PZ10.D2865 |
| 082 ## - DEWEY DECIMAL CLASSIFICATION NUMBER | |
| Classification number | 599.4 |
| 100 ## - MAIN ENTRY--PERSONAL NAME | |
| Personal name | Davies, Nicola |
| Dates associated with a name | (1958–) |
| 245 ## - TITLE STATEMENT | |
| Title | Bat loves the night / |
| Statement of responsibility, etc. | Nicola Davies illustrated by Sarah Fox-Davies |
| 250 ## - EDITION STATEMENT | |
| Edition statement | First U.S paperback edition in 2004. |
| 260 ## - PUBLICATION, DISTRIBUTION, ETC. | |
| Place of publication, distribution, etc. | Massachusetts : |
| Name of publisher, distributor, etc. | Candlewick, |
| Date of publication, distribution, etc. | 2004. |
| 300 ## - PHYSICAL DESCRIPTION | |
| Extent | 28 pages : |
| Other physical details | Color illustrations ; |
| Dimensions | 25 cm |
| 505 ## - FORMATTED CONTENTS NOTE | |
| Formatted contents note | P<br/> |
| 520 ## - SUMMARY, ETC. | |
| Summary, etc. | Bat wakes up, flies into the night, uses the echoes of her voice to navigate, hunts for her supper, and returns to her roost to feed her baby. |
| 521 8# - TARGET AUDIENCE NOTE | |
| Target audience note | 640L<br/> |
| Source | Lexile<br/> |
| 521 8# - TARGET AUDIENCE NOTE | |
| Target audience note | P<br/> |
| Source | Raz-Plus<br/> |
| 650 ## - SUBJECT ADDED ENTRY--TOPICAL TERM | |
| Source of heading or term | Non-fiction |
| Topical term or geographic name entry element | Picture book |
| 650 ## - SUBJECT ADDED ENTRY--TOPICAL TERM | |
| Source of heading or term | Animals |
| Topical term or geographic name entry element | Informational |
| 700 ## - ADDED ENTRY--PERSONAL NAME | |
| Personal name | Fox-davies, Sarah |
| Dates associated with a name | Illustrator |
| 942 ## - ADDED ENTRY ELEMENTS (KOHA) | |
| Source of classification or shelving scheme | Dewey Decimal Classification |
| Koha item type | Books |
| Suppress in OPAC | No |
| Withdrawn status | Lost status | Source of classification or shelving scheme | Damaged status | Not for loan | Collection | Home library | Current library | Shelving location | Date acquired | Total Checkouts | Full call number | Barcode | Date last seen | Copy number | Price effective from | Koha item type |
|---|---|---|---|---|---|---|---|---|---|---|---|---|---|---|---|---|
| Dewey Decimal Classification | Non-Fiction | Footprints International School Library Network Toul Kork Campus | Footprints International School Library Network Toul Kork Campus | TK Primary Library Room(4th Floor), Bookcase 3&4, Shelves 17-32, Yellow Books | 10/28/2024 | DAV 599.4 PZ10.D2865 | 2024-2236 | 10/28/2024 | 1 | 10/28/2024 | Books | |||||
| Dewey Decimal Classification | Non-Fiction | Footprints International School Library Network Toul Tom Poung Campus | Footprints International School Library Network Toul Tom Poung Campus | TTP Primary Yellow Bookshelves | 03/13/2026 | DAV 599.4 PZ10.D2865 | 2026-0313 | 03/13/2026 | 2 | 03/13/2026 | Books |
